La formación docente en cuestión: política y pedagogía
Saved in:
| Hovedforfatter: | |
|---|---|
| Format: | Bog |
| Sprog: | spansk |
| Udgivet: |
Buenos Aires
Paidós
1995
|
| Serier: | Colección Paidós Cuestiones de Educación
|
| Fag: | |
| Tags: |
Tilføj Tag
Ingen Tags, Vær først til at tagge denne postø!
|
MARC
| LEADER | 00000nam a2200000 a 4500 | ||
|---|---|---|---|
| 001 | UCZ2799 | ||
| 003 | CL-VaPUC | ||
| 008 | 951013e19950000AG |||||||||||||||||spa|d | ||
| 082 | 0 | 4 | |a 370.71 |b DAV |2 21 |
| 100 | 0 | |a Davini, María Cristina |e author |9 346554 | |
| 245 | 1 | 3 | |a La formación docente en cuestión: política y pedagogía |
| 300 | |a 163 p | ||
| 942 | |c BK | ||
| 945 | |d 19951013 00:00:00 |a rbrito | ||
| 260 | |a Buenos Aires |b Paidós |c 1995 | ||
| 650 | 0 | |a Formación de docentes |9 329378 | |
| 650 | 0 | |a Formación profesional |9 257232 | |
| 650 | 7 | |a FORMACION DE FORMADORES DE DOCENTES |2 CL-VaPUC |9 346555 | |
| 583 | |a last modification |c 19951013 00:00:00 |k Rodrigo Vera | ||
| 490 | 0 | |a Colección Paidós Cuestiones de Educación | |
| 999 | |c 239353 |d 239351 | ||
| 952 | |0 0 |1 0 |4 0 |6 370_710000000000000_DAV_1995 |7 0 |8 A |9 250434 |a BIBEDU |b BIBEDU |c ES_NOD |d 2019-11-18 |i 3140059 |o 370.71 DAV 1995 |p 3140059 |r 2023-08-09 |w 2019-11-18 |y BK |k EDU | ||